Airports Named After People - Statistics

General Stats
  • This quiz has been taken 23 times
  • The average score is 11 of 30
Answer Stats
City Person named after % Correct
Jakarta (CGK) Sukarno, Mohammad Hatta
100%
Delhi Indira Gandhi
73%
Houston (IAH) George H.W. Bush
68%
New Orleans Louis Armstrong
68%
Louisville Muhammad Ali
59%
Washington (IAD) John Foster Dulles
45%
Venice Marco Polo
41%
Montreal Pierre Trudeau
41%
Springfield Abraham Lincoln
36%
Las Vegas Harry Reid
36%
Kraków John Paul II
36%
Nairobi Jomo Kenyatta
36%
Tirana Mother Teresa (Nënë Tereza)
36%
Manila Ninoy Aquino
36%
Grand Rapids Gerald Ford
32%
Gdańsk Lech Wałęsa
32%
Toronto Lester B. Pearson
32%
Ajaccio Napoleon Bonaparte
32%
Madrid Adolfo Suárez
27%
Johannesburg Oliver Tambo
27%
Baltimore Thurgood Marshall
27%
Oklahoma City Will Rogers
27%
Wichita Dwight D. Eisenhower
23%
Baku Heydar Aliyev
23%
Casablanca Mohammed V
23%
Montego Bay Donald Sangster
18%
Beirut Rafic Hariri
18%
Ouagadougou Thomas Sankara
18%
San Jose Norman Mineta
14%
San Salvador Óscar Romero
9%
No matching quizzes found
Score Distribution
Percent of People with Each Score
Percentile by Number Answered
Your Score History
You have not taken this quiz